03828nam a2200349 i 4500001001000000003000900010005001700019007000300036008004100039020001500080040003000095041000800125082002100133111007000154245017300224250002200397264007700419300005200496336002700548337003300575338002800608505200400636505037202640650011503012650007603127651007503203700003903278700003503317700003403352700004303386710004903429000039434DO-SdBNP20251121132244.0ta130627s2005 dr 000 0 spa d a9945412159 aDO-SdBNPbspacBNPHUerda aspa 4a320.98bE56a2222 aEncuentro del Grupo Biarritzn(1 :d2003, nov. 26 -28 :cFrancia)10aAmérica Latina :b¿gobernabilidad amenazada? /cprólogo, Didier Borotra ; ilustraciones, Yoel Bordas ; edición, Miryam López ; corrección, Alejandro Castelli aPrimera edición 4aSanto Domingo :bEdiciones FUNGLODE;bCorporación Escenarios,c©2005. axviii, 281 páginas :bilustraciones ;c24 cm. atextobtxt2rdacontent asin mediaciónbn2rdamedia avolumenbnc2rdacarrier0 aPrólogo xi -- Introducción xvii -- PARTE I -- Documento de discusión. Gobernabilidad en América Latina: actores y escenarios Ernesto Samper -- Modelo de desarrollo de América Latina y la globalización - Corporación escenarios -- Análisis histórico de la opinión sobre la gobernabilidad en América Latina 1996-2002 - Corporación Escenarios -- PARTE II -- Gobernabilidad y globalización - Rodrigo Borja Cevallos -- Siempre se puede hacer algo - Alain Touraine -- Gobernabilidad local y global Alain Juppe -- Gobernabilidad y localidad - Bertrand Delanoe -- Gobernabilidad y su componente urbano - Jaime Ravinet de la Fuente -- PARTE III -- Luces y sombras de las reformas estructurales latinoamericanas - José Antonio Ocampo -- La descentralización en América Latina: un ingrediente de la gobernabilidad - Juan Camilo Restrepo -- Dos bloques ate la gobernabilidad - Marco Aurelio García -- América Latina: del estado pasivo a los estados desarrollistas - José Serra -- PARTE IV -- Seguridad hemisférica_ amenazas crónicas, nuevvos desafíos y respuestas pendientes - Horacio Serpa Uribe -- La gobernabilidad empieza por casa - José Angel Gurría -- De la modernización autoritaria a la modernización democrática: el reto de la actualización institucional en México - Roberto Madrazo Pintado -- Seguridad ciudadana: mucho más que seguridad - Marcelo Ebrard -- La ingobernabilidad en Centroamérica - Tomás Borge -- El mejor camino para Bolivia - Gonzalo Sánchez de Losada -- Diálogo político y zona de paz: reinstauración de la gobernabilidad en Bolivia - Horst Grebe -- Responsabilidad de la gobernabilidad en América Latina - Andrés Zaldívar -- Gobernabilidad en América Latina: el caso de Chile - Isabel Allende -- Gobernabilidad en América Latina: entre el autismo estatal y la democracia callejera - Rosario Green -- Una nueva institucionalidad social como garantía de una gobernabilidad inclusiva, Patricia Bullrih.0 aPARTE V -- La nueva Constitución Europea - Alain Lamassoure -- Europa y la consolidación de la democracia en América Latina - Juan José Lucas -- Democracia y política - Carlo Binetti -- América Latina: hacia la articulación del Estado - Manuel Marín -- La Unión Europea y la gobernabilidad - José Iganacio Salafranca Sánchez-Neyra -- Epílogo . 4aMedios de comunicación de masasxAspectos políticosxRepública DominicanavCongresos, conferencias, etc. 4aEstabilidad políticazAmérica LatinavCongresos, conferencias, etc. 4aAmérica LatinaxPolítica y gobiernovCongresos, conferencias, etc.1 aBorotra, Didier,eprologuista4pr.1 aBordas, Yoel,eilustrador4il.1 aLópez, Miryam,eeditor4ed.1 aCastelli, Alejandro,ecorrector4corr.22aFundación Global Democracía y Desarrollo